Fuel science and technology handbook

保存先:
書誌詳細
第一著者: Speight, James G (著者)
フォーマット: 図書
言語:英語
出版事項: Nueva York Marcel Dekker 1990
シリーズ:Chemical Industries, 41
主題:
タグ: タグ追加
タグなし, このレコードへの初めてのタグを付けませんか!

MARC

LEADER 00000nam a2200000 a 4500
001 UCY7547
003 CL-VaPUC
008 950614e19900000US |||||||||||||||||eng|d
082 0 4 |a 665.5  |b SPE  |2 21 
100 0 |a Speight, James G  |e author  |9 338069 
245 1 0 |a Fuel science and technology handbook 
300 |a 1193 p 
942 |c BK 
945 |d 19950614 00:00:00  |a rbrito 
260 |a Nueva York  |b Marcel Dekker  |c 1990 
650 7 |a PETROLEO  |2 CL-VaPUC  |9 320865 
650 0 |a Combustibles fósiles  |9 338070 
650 0 |a Aceite de pizarra  |9 338071 
650 0 |a Gas natural  |9 263904 
650 7 |a TECNOLOGIA DEL PETROLEO  |2 CL-VaPUC  |9 338072 
650 0 |a Combustibles  |9 271720 
650 7 |a CARBON  |2 CL-VaPUC  |9 268755 
650 7 |a MATERIALES BITUMINOSOS  |2 CL-VaPUC  |9 338073 
583 |a last modification  |c 19950614 00:00:00  |k Rodrigo Vera 
490 0 |a Chemical Industries, 41 
999 |c 234891  |d 234889 
952 |0 0  |1 0  |4 0  |6 665_500000000000000_SPE_1990  |7 0  |8 A  |9 241669  |a BIBMEC  |b BIBMEC  |d 2019-11-18  |i 3090256  |o 665.5 SPE 1990  |p 3090256  |r 2024-01-19  |w 2019-11-18  |y BK  |k MEC